00778nam a2200181 a 4500008004100000020001800041050001800059100002200077245006500099260004800164300003600212650005000248650002600298700002000324995010100344999001700445952013400462200623s2015 ||||||||||||||||| || u a9781107046719 aTE 228.37 Som aSommer, Christoph10aVehicular networkingcBy Christoph Sommer and Falko Dressler aCambridgebCambridge University Pressc2015 axvii, 353 pages : illustrations aVEHICULAR AD HOC NETWORKS (COMPUTER NETWORKS) aAUTOMOTIVE TELEMATICS aDressler, falko D123.42FCBU-MAIN LIBRARY (Kitwe)M1UAVAILABLEWJul 1, 2020ZMain Library Open Access Collection c61271d61271 00102lcc4070a001b001cMain Library Open Access Collectiond2022-11-30l0oTE 228.37 Somp750333r2022-11-30w2022-11-30y002